| Tag |
First Indicator |
Second Indicator |
Subfields |
| LEADER |
00000cam a2200000Ma 4500 |
| 001 |
in00002796621 |
| 005 |
20180423142224.0 |
| 008 |
120903s2012 nyua 6 000 f eng d |
| 015 |
|
|
|a GBB291653
|2 bnb
|
| 016 |
7 |
|
|a 016168418
|2 Uk
|
| 019 |
|
|
|a 779877666
|
| 020 |
|
|
|a 9781401237370 (hbk.)
|
| 020 |
|
|
|a 1401237371 (hbk.)
|
| 035 |
|
|
|a (OCoLC)ocn809938036
|
| 035 |
|
|
|a (OCoLC)809938036
|z (OCoLC)779877666
|
| 040 |
|
|
|a UKMGB
|b eng
|c UKMGB
|d OCLCO
|d YDXCP
|d BTCTA
|d BDX
|d GZD
|d UtOrBLW
|
| 049 |
|
|
|a TXAM
|
| 082 |
0 |
4 |
|a 741.5
|2 23
|
| 090 |
|
|
|a PN6728.B36
|b M664 2012
|
| 100 |
1 |
|
|a Morrison, Grant.
|
| 245 |
1 |
0 |
|a Absolute Batman & Robin :
|b Batman reborn /
|c writern by Grant Morrison.
|
| 246 |
3 |
0 |
|a Absolute Batman and Robin :
|b Batman reborn
|
| 246 |
3 |
|
|a Batman reborn
|
| 246 |
1 |
4 |
|a Batman & Robin can never die
|
| 263 |
|
|
|a 201212
|
| 264 |
|
1 |
|a New York :
|b DC Comics,
|c [2012]
|
| 264 |
|
4 |
|c ©2012
|
| 300 |
|
|
|a 488 pages :
|b color illustrations ;
|c 32 cm.
|
| 336 |
|
|
|a text
|b txt
|2 rdacontent
|
| 337 |
|
|
|a unmediated
|b n
|2 rdamedia
|
| 338 |
|
|
|a volume
|b nc
|2 rdacarrier
|
| 500 |
|
|
|a Batman created by Bob Kane.
|
| 500 |
|
|
|a Originally published as Batman and Robin 1-16 and Batman: the return 1.
|
| 600 |
0 |
0 |
|a Batman
|c (Fictitious character)
|v Comic books, strips, etc.
|
| 600 |
0 |
0 |
|a Robin,
|c the Boy Wonder (Fictitious character)
|v Comic books, strips, etc.
|
| 650 |
|
0 |
|a Superheroes
|v Comic books, strips, etc.
|
| 650 |
|
0 |
|a Science fiction comic books, strips, etc.
|
| 948 |
|
|
|a cataloged
|b h
|c 2013/2/7
|d c
|e ceaton
|f 12:19:56 pm
|
| 994 |
|
|
|a C0
|b TXA
|
| 999 |
|
|
|a MARS
|
| 999 |
f |
f |
|s 68c1087c-5938-389c-a201-e7a45cd5d74b
|i 63afbd68-52db-3553-a8dd-cf8d477ff48e
|t 0
|
| 952 |
f |
f |
|p normal
|a Texas A&M University
|b College Station
|c Sterling C. Evans Library
|s Evans stk
|d Evans: Library Stacks
|t 0
|e PN6728.B36 M664 2012
|h Library of Congress classification
|i unmediated -- volume
|m A14841689690
|
| 998 |
f |
f |
|a PN6728.B36 M664 2012
|t 0
|l Evans: Library Stacks
|